Věková hranice pro odchod do důchodu by měla růst

V celej Európe sa diskutuje o nutnosti ďalšieho zvyšovania veku odchodu do dôchodku. V rámci EÚ najviac seniorov pracuje v Portugalsku, tiež v Škandinávii a pobaltských krajinách. Tradícia pokračovania ekonomickej aktivity je naopak veľmi nízka na Slovensku.

Gespeichert in:
Bibliographische Detailangaben
Format: Buchkapitel
Sprache:Tschechisch
Schlagworte:
Tags: Tag hinzufügen
Keine Tags, Fügen Sie das erste Tag hinzu!

MARC

LEADER 00000naa a2200000 4500
001 0230032
005 20170512090526.2
041 0 |a cze 
044 |a CZ 
245 1 0 |a Věková hranice pro odchod do důchodu by měla růst 
520 |a V celej Európe sa diskutuje o nutnosti ďalšieho zvyšovania veku odchodu do dôchodku. V rámci EÚ najviac seniorov pracuje v Portugalsku, tiež v Škandinávii a pobaltských krajinách. Tradícia pokračovania ekonomickej aktivity je naopak veľmi nízka na Slovensku. 
610 2 0 |a seniori 
610 2 0 |a práca starších ľudí 
610 2 0 |a vek dôchodkový 
610 2 0 |a vek postproduktívny 
610 2 0 |a Európska únia